| 000 | 00000nam 2200000zi 4500 |
| 001 | 9.945525 |
| 003 | CaOODSP |
| 005 | 20241125134404 |
| 006 | m o d f |
| 007 | cr |n||||||||| |
| 008 | 241125t20112011onca ob f000 0 eng d |
| 020 | |z9781100540405 |
| 040 | |aCaOODSP|beng|erda|cCaOODSP |
| 043 | |an-cn--- |
| 086 | 1 |aD2-289/2011E-PDF|zD2-289/2011 |
| 245 | 00|aBeyond transformation : |bthe CPO1/CWO Strategic Employment Model. |
| 264 | 1|a[Ottawa] : |bNational Defence = Défense nationale, |c[2011] |
| 264 | 4|c©2011 |
| 300 | |a1 online resource (v, 42 pages) : |billustrations |
| 336 | |atext|btxt|2rdacontent |
| 337 | |acomputer|bc|2rdamedia |
| 338 | |aonline resource|bcr|2rdacarrier |
| 500 | |aDigitized edition from print [produced by Government of Canada Publications Directorate]. |
| 500 | |aIssued also in French under title: Au-delà de la transformation : Modèle stratégique d'emploi des pm 1/des adjuc. |
| 504 | |aIncludes bibliographical references. |
| 610 | 10|aCanada. |bCanadian Armed Forces|xPersonnel management. |
| 610 | 10|aCanada. |bCanadian Armed Forces |xEmployees|xTraining of. |
| 710 | 1 |aCanada. |bDepartment of National Defence, |eissuing body. |
| 775 | 08|tAu-delà de la transformation : |w(CaOODSP)9.945533 |
| 856 | 40|qPDF|s15.9 MB|uhttps://publications.gc.ca/collections/collection_2024/mdn-dnd/D2-289-2011-eng.pdf |